Xã hội học về giới và phát triển /

Trong cuốn sách nhỏ này chúng ta có dịp tìm hiểu những vấn đề hết sức thú vị và cần thiết, đó là: Vấn đề công bằng xã hội và hội nhập xã hội của phụ nữ. Vấn đề chính sách xã hội đối với phụ nữ; Vấn đề dân số và phụ nữ. Vấn đề xoá đói giảm nghèo, phụ nữ....

Full beskrivning

Sparad:
Bibliografiska uppgifter
Övriga upphovsmän: Nguyễn Đình Tấn., Nguyễn Thị Mỹ Lộc., Nguyễn Quý Thành., Lê Ngọc Hùng.
Materialtyp: Bok
Språk:Vietnamese
Publicerad: Hà Nội : Đại học Quốc gia Hà Nội, 2000.
Ämnen:
Taggar: Lägg till en tagg
Inga taggar, Lägg till första taggen!
Thư viện lưu trữ: Mạng thư viện Đại học Đà Nẵng
LEADER 01452cam a2200385 i 4500
001 000042923
003 798
005 20031227163133.0
008 010217b2000 vm 000 vie
020 |c 14500 
022 |a T 
040 |a IRC  |c IRC  |d IRC 
041 0 |a vie 
082 1 4 |a 305.4  |b Xa-H 
245 0 0 |a Xã hội học về giới và phát triển /  |c Lê Ngọc Hùng, Nguyễn Thị Mỹ Lộc, Nguyễn Đình Tấn, Nguyễn Quý Thành. 
260 |a Hà Nội :  |b Đại học Quốc gia Hà Nội,  |c 2000. 
300 |a 191tr. ;  |c 20cm. 
520 3 |a Trong cuốn sách nhỏ này chúng ta có dịp tìm hiểu những vấn đề hết sức thú vị và cần thiết, đó là: Vấn đề công bằng xã hội và hội nhập xã hội của phụ nữ. Vấn đề chính sách xã hội đối với phụ nữ; Vấn đề dân số và phụ nữ. Vấn đề xoá đói giảm nghèo, phụ nữ. 
630 0 4 |a Xã hội học. 
650 0 4 |a Xã hội học  |x Nhân loại học. 
650 0 4 |a Giới tính  |x Sinh lý  |x Nữ. 
700 1 |a Nguyễn Đình Tấn. 
700 1 |a Nguyễn Thị Mỹ Lộc. 
700 1 |a Nguyễn Quý Thành. 
700 1 |a Lê Ngọc Hùng. 
OWN |a DUT 
999 |a From the UDN01 
TYP |a Monograph 
TYP |a Printed language 
980 |a Mạng thư viện Đại học Đà Nẵng